| 000 | 00638nam a2200217Ia 4500 | ||
|---|---|---|---|
| 005 | 20241129110939.0 | ||
| 008 | 241129s9999||||xx |||||||||||||| ||und|| | ||
| 020 | _a978-1-5297-1773-0 | ||
| 037 | _aTB | ||
| 040 |
_aCRL _beng _cCRL |
||
| 041 |
_aeng _2eng |
||
| 084 |
_aƩ:f R2 _qCRL |
||
| 100 |
_aGobo Giampietro [...et al] Au. _9722900 |
||
| 245 | 0 |
_aMerged methods: rationale for full integration _cGobo Giampietro [...et al] Au. |
|
| 260 |
_aLos Angeles, USA _bSage _c2022 |
||
| 300 | _ax,295p. | ||
| 365 |
_aUKP _b29.99 |
||
| 650 | _aSocial ScienceResearch Method | ||
| 942 |
_cTB _hƩ:f R2 |
||
| 999 |
_c1228225 _d1228225 |
||